The Tilak Case/ (Record no. 216517)

MARC details
000 -LEADER
fixed length control field 00601nam a22001817a 4500
005 - DATE AND TIME OF LATEST TRANSACTION
control field 20260605103402.0
010 ## - LCCN (DPL NO)
LC control number ENG-148757
020 ## - INTERNATIONAL STANDARD BOOK NUMBER
Terms of availability 350.00
International Standard Book Number 9788195487622
035 ## - SYSTEM CONTROL NUMBER
System control number EN-132289
037 ## - SOURCE OF ACQUISITION
Source of stock number/acquisition DBAD
082 ## - DEWEY DECIMAL CLASSIFICATION NUMBER
Classification number 954.035
Edition number 1
245 ## - TITLE STATEMENT
Title The Tilak Case/
Statement of responsibility, etc Edited by D.V Gokhale
260 ## - PUBLICATION, DISTRIBUTION, ETC. (IMPRINT)
Place of publication, distribution, etc Kolkata
Name of publisher, distributor, etc Institute Of Social And Cultural Studies
Date of publication, distribution, etc 2022
270 ## - ADDRESS
City New Delhi
Address 48/2, Dr. Suresh Sarkar Road Kolkata
Postal code 700014
Telephone number 033-65339003
Electronic mail address iscskol@gmail.com
300 ## - PHYSICAL DESCRIPTION
Extent 212p.
Dimensions 21cm(pb)
500 ## - GENERAL NOTE
General note Security Under Sec.108Cr. P.C (1916)
942 ## - ADDED ENTRY ELEMENTS (KOHA)
Source of classification or shelving scheme Dewey Decimal Classification
Item type English Books
Classification part 954.035
Call number suffix RAC
Holdings
Withdrawn status Lost status Not for loan Collection code Home library Current library Date acquired Source of acquisition Cost, normal purchase price Full call number Barcode Copy number Cost, replacement price Koha item type
    Not For Loan Non-fiction D.B.Act.Division D.B.Act.Division 05/06/2026 Delivery of Books Act Division 350.00 954.035 RAC EN-132289 1 350.00 English Books

© Delhi Public Library
Hit Counter
free hit counter